| 000 | 00821nam a2200193 a 4500 | ||
|---|---|---|---|
| 003 | 0 | ||
| 005 | 20250522144127.0 | ||
| 008 | 030519s19uu xx 00 eng d | ||
| 050 |
_aPHS QA 76.9.C66 _b.A45 2003 |
||
| 100 | _aAmistad, Carlo Dominic A. | ||
| 245 |
_aA Comparative study on the importance of computers on the schoolwork of selected high school students of Southville International School and Colleges and St. Benedict College / _cCarlo Dominic A. Amistad. |
||
| 260 |
_aLas PiƱas City, Philippines : _bSouthville International School and Colleges, _c2003. |
||
| 300 |
_a24 pages : _billustrations ; _c28 cm. |
||
| 504 | _aIncludes bibliographical references. | ||
| 650 | _aComputers and education. | ||
| 650 | _aEducational technology. | ||
| 650 |
_aHigh school students _xComputer use. |
||
| 942 |
_2lcc _cPASS |
||
| 999 |
_c96760 _d96760 |
||